000 00414nam a22001697a 4500
003 MPLRDC
005 20220104125258.0
008 210129b ||||| |||| 00| 0 eng d
082 _a857.9 GL-112 v.2
100 _a古龙
245 _a封神剑. 下
_c
260 _a
_b澳门武艺出版社
_c
300 _b
490 _a古龙长篇武侠小说
650 _a武侠小说
942 _cBK
_o857.9 GL-112 v.2
999 _c26095
_d26085